000 00771nam a22002177a 4500
999 _c7680
_d7680
003 AR-CdUCM
008 190321b ||||| |||| 00| 0 spa d
040 _aMUNICIPALIDAD PROVINCIAL DEL CUSCO
_cBIBLIOTECA MUNICIPAL DEL CUSCO
082 _a985.008 /
_bD85TU
245 _aDocumental del Perú :
_bdepartamento de Tumbes /
260 _aLima :
_bIOOPE,
_c1971.
300 _a159 páginas ;
_bImágenes, mapa.
_c21 cm.
500 _aDonación familia Nieto
505 _aContenido: Geografía -- Los Manglares -- Ciudades de Tumbes -- Los concheros -- Castilla y Tumbes ...
650 _aHistoria de Tumbes
_921685
650 _aFolklore
_91081
650 _aHistoria
_9136
700 _aCortazar, Pedro Felipe (director)
_917387
942 _2ddc
_cLIBROS
945 _aafb